| 000 | 01417cam a22003977a 4500 | ||
|---|---|---|---|
| 003 | CHAP | ||
| 005 | 20220817043814.0 | ||
| 008 | 011031d1972 mx d r 00110 spa d | ||
| 010 | _a84925 | ||
| 011 | _a85897 | ||
| 020 | _a9681309499 | ||
| 035 | _a96435 | ||
| 040 | _cCHAP | ||
| 082 | 0 | 4 |
_a080 _bS4 v.55 |
| 100 | 0 | 0 |
_aPalerm, Angel. _984917 |
| 245 | 1 | 0 |
_aAgricultura y sociedad en Mesoamérica _c/por Angel Palerm |
| 260 |
_aMéxico, D.F. : _bSecretaría de Educación Pública, _c1972. |
||
| 300 |
_a198 p. : _bcuadros |
||
| 410 | 0 | 0 | _aSecretaria de Educación Pública |
| 490 | 0 |
_aSEP. Setentas _v; 55 |
|
| 590 |
_aBATCH-UPD _b10 _c20130110 _lUCH01 _h0423 |
||
| 590 |
_aBATCH-UPD _b10 _c20130110 _lUCH01 _h2033 |
||
| 590 |
_aBATCH-UPD _b10 _c20130410 _lUCH01 _h0058 |
||
| 590 |
_aBATCH-UPD _b10 _c20130913 _lUCH01 _h2053 |
||
| 590 |
_aCONVERSION _b10 _c20130109 _lUCH01 _h1347 |
||
| 650 | 1 | 4 |
_aAgricultura _xHistoria. _91507 |
| 650 | 1 | 4 |
_aAgricultura _xSociedades. _91797 |
| 810 | 0 | 0 |
_aSecretaria de Educación Pública _9103533 |
| 830 | 0 |
_aSEP. Setentas _v; 55 |
|
| 901 | _aBK | ||
| 905 | _aMarco A. Mendoza T. | ||
| 942 | _cLIBRO | ||
| 949 |
_a080 S4 v.55 _bBC _cLIBRO _d33724000856514 _eLIBRO _fc.2 _h102007 _i96435 _kDon. _si |
||
| 949 |
_a080 S4 v.55 _bBC _cLIBRO _d33724000857686 _eLIBRO _gDonaciØn conasupo _h102002 _i96435 _si |
||
| 949 |
_a080 S4 v.55 _bBC _cLIBRO _d33724002104827 _eLIBRO _fc.3 _gI.c/e _h111368 _i96435 _sb |
||
| 999 |
_c84925 _d84925 |
||